000 00690nam a22002417a 4500
003 UA-OsUOA
001 74625
007 ta
008 20110414b un ||||| |||| 00| 0 ukr d
100 _aАлексашенко С.
700 _aМиронов В.
700 _aМирошниченко Д.
090 _a330
_bА46
942 _cSA
040 _aUA-OsUOA
_brus
_cUA-OsUOA
_dUA-OsUOA
245 _aРоссийский кризис и антикризисный пакет: цели, масштабы, эффективность
300 _aС.23-50
955 _a0
041 _arus
080 _a330
773 0 _w74623
650 7 _a330 Економіка взагалі
_2UDC
999 _c360915
_d360915